Apología de Sócrates

Guardat en:
Dades bibliogràfiques
Autor principal: Platón (Autor)
Format: Llibre
Idioma:espanyol
Publicat: Santiago Universitaria 2009
Edició:7a. ed
Col·lecció:Los Clásicos
Matèries:
Etiquetes: Afegir etiqueta
Sense etiquetes, Sigues el primer a etiquetar aquest registre!

MARC

LEADER 00000cam a2200000 a 4500
001 UCG3519
003 CL-VaPUC
008 100902e20090600CL |||||||||||||||||spa|d
020 |a 9789561120785 
082 0 4 |a 183.2  |b PLA  |2 21 
100 0 |a Platón  |e author  |9 222 
245 1 0 |a Apología de Sócrates 
250 |a 7a. ed 
300 |a 139 p 
942 |c BK 
945 |d 20100902 00:00:00  |a mfarfan 
260 |a Santiago  |b Universitaria  |c 2009 
650 0 |a Filosofía antigua   |9 255705 
650 0 |a Filosofía griega  |9 265579 
650 0 |a Ética  |9 255099 
583 |a last modification  |c 20170531 12:42:58  |k Rodrigo Vera 
490 0 |a Los Clásicos 
999 |c 342587  |d 342585 
952 |0 0  |1 0  |4 0  |6 183_200000000000000_PLA_2009  |7 0  |8 A  |9 438867  |a BIBHIS  |b BIBHIS  |d 2019-11-22  |i 4709853  |o 183.2 PLA 2009  |p 4709853  |r 2025-01-20  |w 2019-11-22  |y BK  |k HIS 
952 |0 0  |1 0  |4 0  |6 183_200000000000000_PLA_2009  |7 0  |8 A  |9 438868  |a BIBHIS  |b BIBHIS  |d 2019-11-22  |i 4979761  |o 183.2 PLA 2009  |p 4979761  |r 2025-01-20  |w 2019-11-22  |y BK  |k HIS 
952 |0 0  |1 0  |3 erb  |4 0  |6 183_200000000000000_PLA_2009  |7 0  |8 A  |9 438869  |a BIBHIS  |b BIBHIS  |i 541167K  |l 1  |o 183.2 PLA 2009  |p 541167K  |r 2025-01-20  |s 2024-03-04  |w 2019-11-22  |y BK  |z Catalogado en:20170728  |k HIS